| 000 | 00000nam 2200000zi 4500 |
| 001 | 9.899011 |
| 003 | CaOODSP |
| 005 | 20240909145530 |
| 006 | m o d f |
| 007 | cr |n||||||||| |
| 008 | 210421e198911##oncd o f000 0|eng d |
| 040 | |aCaOODSP|beng|erda|cCaOODSP |
| 041 | 0 |aeng|afre |
| 043 | |an-cn--- |
| 086 | 1 |aCo22-475/1989-PDF |
| 245 | 00|aLoi sur le droit d'auteur : |bcodification ministèrielle = Copyright Act : office consolidation. |
| 246 | 11|aCopyright Act : |boffice consolidation |
| 264 | 1|a[Ottawa] : |b[Department of Communications], |cNovember 1989. |
| 300 | |a1 online resource (1 volume (various pagings)) : |bcharts |
| 336 | |atext|btxt|2rdacontent |
| 337 | |acomputer|bc|2rdamedia |
| 338 | |aonline resource|bcr|2rdacarrier |
| 500 | |aDigitized edition from print [produced by Innovation, Science and Economic Development Canada]. |
| 546 | |aText in French and English side by side. |
| 610 | 10|aCanada. |tCopyright Act. |
| 650 | 0|aCopyright|zCanada. |
| 710 | 1 |aCanada. |bDepartment of Communications, |eissuing body. |
| 792 | |tLoi sur le droit d'auteur : |efre|w(CaOODSP)9.942984 |
| 856 | 40|qPDF|s3870 KB|uhttps://publications.gc.ca/collections/collection_2024/isde-ised/co22/Co22-475-1989.pdf |